[Event "Gachantiva op 9th"]
[Site "Gachantiva"]
[Date "2019.06.23"]
[Round "4"]
[White "Corradine, Jorge Ricardo"]
[Black "Guzman, Campo Elias"]
[Result "1-0"]
[WhiteElo "2130"]
[BlackElo "1977"]
[PlyCount "99"]
[EventDate "2019.06.21"]
[EventType "swiss"]
[EventRounds "7"]
[EventCountry "COL"]
[SourceTitle "CBM 191 Extra"]
[Source "ChessBase"]
[SourceDate "2019.09.30"]
[SourceVersion "1"]
[SourceVersionDate "2019.09.30"]
[SourceQuality "1"]

1. e4 c5 2. Nf3 Nc6 3. Nc3 Nf6 4. d4 cxd4 5. Nxd4 d6 6. Be2 g6 7. Be3 Bg7 8. 0-0 0-0 9. h3 a6 10. a4 Bd7 11. f4 Rc8 12. Nb3 Na5 13. Nd2 Be6 14. Rf2 Nc4 15. Nxc4 Bxc4 16. Bf3 Qc7 17. Rd2 Rfd8 18. Rb1 b6 19. b3 Be6 20. Nd5 Nxd5 21. exd5 Bf5 22. Qe2 Qb7 23. g4 Bd7 24. c4 b5 25. axb5 axb5 26. Rdd1 Rc7 27. c5 Qa6 28. b4 Qa4 29. c6 Be8 30. Bb6 Rdc8 31. Bxc7 Rxc7 32. Be4 Bc3 33. Bc2 Qa7+ 34. Qf2 Qb8 35. Rb3 Bg7 36. Be4 e6 37. dxe6 Bxc6 38. exf7+ Kxf7 39. Bxc6 Rxc6 40. Qf3 Qb6+ 41. Kh1 Bf6 42. g5 Be7 43. Re3 Rc4 44. Rde1 Rc7 45. Qd5+ Kf8 46. Qa8+ Kf7 47. Qh8 Bf8 48. Re8 Qb7+ 49. Kg1 Qb6+ 50. Kf1 1-0

[Event "Gachantiva op 9th"]
[Site "Gachantiva"]
[Date "2019.06.22"]
[Round "3"]
[White "Guzman, Campo Elias"]
[Black "Narvaez Ramirez, Faber Alberto"]
[Result "1-0"]
[WhiteElo "1977"]
[BlackElo "2105"]
[PlyCount "117"]
[EventDate "2019.06.21"]
[EventType "swiss"]
[EventRounds "7"]
[EventCountry "COL"]
[SourceTitle "CBM 191 Extra"]
[Source "ChessBase"]
[SourceDate "2019.09.30"]
[SourceVersion "1"]
[SourceVersionDate "2019.09.30"]
[SourceQuality "1"]

1. d4 d5 2. Bg5 c5 3. dxc5 h6 4. Bh4 Nc6 5. Nc3 g5 6. Bg3 e6 7. Nf3 Bxc5 8. e4 d4 9. Nb5 Bb6 10. Nd6+ Kf8 11. Bb5 Bc5 12. Bxc6 Bxd6 13. Qxd4 Qa5+ 14. c3 Bxg3 15. hxg3 f6 16. Ba4 e5 17. Qd6+ Kg7 18. Bb3 Bg4 19. 0-0-0 Rc8 20. Rd5 Qc7 21. Qxc7+ Rxc7 22. Rd8 h5 23. Nh2 Bc8 24. Nf1 Bg4 25. Ne3 Rc8 26. Rd2 Re8 27. Nxg4 hxg4 28. Rxh8 Kxh8 29. Rd7 Re7 30. Rd8 Rg7 31. Be6 Kh7 32. Bxg4 Re7 33. Rd7 Kg7 34. Rxe7+ Nxe7 35. Kc2 Kf7 36. Kb3 Ke8 37. Kc4 Kd8 38. a4 Kc7 39. b4 b6 40. b5 Kd6 41. Kd3 Kc5 42. Be6 Kd6 43. Bb3 Ng6 44. Ke3 Ke7 45. Kf3 Nf8 46. Kg4 Nd7 47. f4 gxf4 48. gxf4 exf4 49. Kxf4 Ne5 50. Kf5 Nd3 51. g4 Nf2 52. Bc2 Nh3 53. e5 fxe5 54. Kxe5 Ng5 55. Kd5 Ne6 56. Kc6 Kd8 57. Kd5 Ke7 58. Kc4 Kd8 59. Kd5 1-0

[Event "COL-ch U2300"]
[Site "Pereira"]
[Date "2019.03.25"]
[Round "8"]
[White "Soto, Cristian Camilo"]
[Black "Guzman, Campo Elias"]
[Result "1-0"]
[WhiteElo "2091"]
[BlackElo "1984"]
[PlyCount "69"]
[EventDate "2019.03.21"]
[EventType "swiss"]
[EventRounds "9"]
[EventCountry "COL"]
[SourceTitle "CBM 189 Extra"]
[Source "ChessBase"]
[SourceDate "2019.06.03"]
[SourceVersion "1"]
[SourceVersionDate "2019.06.03"]
[SourceQuality "1"]

1. h4 d5 2. h5 h6 3. c4 c6 4. d4 Nf6 5. e3 Bg4 6. Be2 Bxe2 7. Qxe2 e6 8. Bd2 Nbd7 9. Nc3 Bb4 10. f3 0-0 11. a3 Bd6 12. 0-0-0 e5 13. cxd5 cxd5 14. Kb1 Re8 15. Qb5 a6 16. Qb3 Nb6 17. dxe5 Bxe5 18. Nge2 Rc8 19. Bc1 Nc4 20. e4 d4 21. f4 Re6 22. fxe5 Rb6 23. Rxd4 Qf8 24. Qa4 Nxa3+ 25. Ka2 Nb5 26. exf6 Qe8 27. Rd5 Rxc3 28. bxc3 Qe6 29. fxg7 Rc6 30. Bb2 Nd6 31. Nf4 Qg4 32. Rf1 Nc4 33. Qb4 Kxg7 34. Rd8 Kh7 35. Qf8 1-0

[Event "COL-ch U2300"]
[Site "Pereira"]
[Date "2019.03.22"]
[Round "2"]
[White "Agudelo, Carlos Daniel"]
[Black "Guzman, Campo Elias"]
[Result "1-0"]
[WhiteElo "2049"]
[BlackElo "1984"]
[PlyCount "101"]
[EventDate "2019.03.21"]
[EventType "swiss"]
[EventRounds "9"]
[EventCountry "COL"]
[SourceTitle "CBM 189 Extra"]
[Source "ChessBase"]
[SourceDate "2019.06.03"]
[SourceVersion "1"]
[SourceVersionDate "2019.06.03"]
[SourceQuality "1"]

1. d4 Nf6 2. Nf3 e6 3. c4 b6 4. g3 Ba6 5. b3 c6 6. Bg2 d5 7. Qc2 Nbd7 8. 0-0 Rc8 9. Nbd2 Be7 10. e4 0-0 11. Bb2 b5 12. e5 Ng4 13. c5 Rc7 14. b4 Bc8 15. a4 a6 16. axb5 axb5 17. Ra8 f5 18. exf6 Bxf6 19. Bh3 h5 20. Qg6 Qe8 21. Qxe8 Rxe8 22. Re1 Nf8 23. Bxg4 hxg4 24. Ne5 Bxe5 25. Rxe5 Bd7 26. Ra1 Rcc8 27. Nf1 Ra8 28. Ree1 Nh7 29. Ne3 Ng5 30. Rxa8 Nf3+ 31. Kh1 Nxe1 32. Ra7 Bc8 33. Bc3 Nd3 34. Kg2 Rf8 35. Ra2 e5 36. dxe5 d4 37. Bxd4 Be6 38. Ra7 Rxf2+ 39. Kg1 Rf8 40. Re7 Ne1 41. Rxe6 Nf3+ 42. Kg2 Nxd4 43. Rd6 Nf3 44. Nxg4 Ne1+ 45. Kh3 Kf7 46. e6+ Ke7 47. Ne5 Rh8+ 48. Kg4 Rxh2 49. Nxc6+ Kf6 50. e7+ Kf7 51. Re6 1-0

[Event "COL-chB U2000"]
[Site "Antioquia"]
[Date "2018.12.06"]
[Round "1"]
[White "Guzman, Campo Elias"]
[Black "Toro Castaneda, Miguel Angel"]
[Result "1-0"]
[WhiteElo "1986"]
[BlackElo "1890"]
[PlyCount "71"]
[EventDate "2018.12.06"]
[EventType "swiss"]
[EventRounds "7"]
[EventCountry "COL"]
[SourceTitle "CBM 190 Extra"]
[Source "ChessBase"]
[SourceDate "2019.07.15"]
[SourceVersion "1"]
[SourceVersionDate "2019.07.15"]
[SourceQuality "1"]

1. d4 Nf6 2. Bg5 g6 3. Bxf6 exf6 4. c4 Bg7 5. Nc3 0-0 6. g3 d6 7. Bg2 c6 8. Nf3 Na6 9. 0-0 Nc7 10. Nd2 f5 11. e3 Rb8 12. Rc1 c5 13. Nb3 b6 14. Qd2 Be6 15. Ne2 a5 16. Rc2 a4 17. Nbc1 d5 18. Rd1 Na6 19. a3 dxc4 20. d5 Bd7 21. Rxc4 b5 22. Rc2 b4 23. Nd3 b3 24. Rcc1 Rc8 25. Nef4 Qc7 26. Rc4 Bb5 27. Rc3 c4 28. Ne1 Bxc3 29. Qxc3 Nc5 30. d6 Bc6 31. Bxc6 Qxc6 32. Nd5 Rfe8 33. Nf6+ Kf8 34. Nxh7+ Kg8 35. Nf6+ Kf8 36. d7 1-0

[Event "Bogota Mayores Alcaldia op 8th"]
[Site "Bogota"]
[Date "2018.06.10"]
[Round "5"]
[White "Mesa Baez, Samuel"]
[Black "Guzman, Campo Elias"]
[Result "1/2-1/2"]
[WhiteElo "1600"]
[BlackElo "2004"]
[PlyCount "80"]
[EventDate "2018.06.08"]
[EventType "swiss"]
[EventRounds "7"]
[EventCountry "COL"]
[SourceTitle "CBM 184 Extra"]
[Source "ChessBase"]
[SourceDate "2018.06.28"]
[SourceVersion "1"]
[SourceVersionDate "2018.06.28"]
[SourceQuality "1"]

1. e4 c5 2. Nf3 Nf6 3. d3 Nc6 4. g3 d5 5. Nbd2 g6 6. Bg2 Bg7 7. 0-0 Bg4 8. Re1 dxe4 9. dxe4 Qc7 10. h3 Bxf3 11. Nxf3 Rd8 12. Qe2 Nd7 13. Bf4 Qb6 14. c3 Nde5 15. Rad1 0-0 16. Rd5 Nxf3+ 17. Bxf3 e6 18. Rd6 Qa5 19. e5 Qxa2 20. Bxc6 bxc6 21. Rxc6 Rb8 22. Ra6 Qxb2 23. Qxb2 Rxb2 24. Rxa7 Rc2 25. Re3 h6 26. h4 Rd8 27. Rc7 Rd5 28. Rf3 g5 29. hxg5 hxg5 30. Bxg5 Rxe5 31. Bf6 Bxf6 32. Rxf6 Rxc3 33. Rfxf7 Rf5 34. Rg7+ Kh8 35. Rge7 Rcf3 36. Rh7+ Kg8 37. Rhg7+ Kh8 38. Rh7+ Kg8 39. Rhg7+ Kh8 40. Rh7+ Kg8 1/2-1/2

[Event "Caldense-ch"]
[Site "Manizales"]
[Date "2017.10.28"]
[Round "6"]
[White "Munoz Galvez, Jhon Edison"]
[Black "Guzman, Campo Elias"]
[Result "1-0"]
[WhiteElo "2330"]
[BlackElo "1980"]
[PlyCount "69"]
[EventDate "2017.10.26"]
[EventType "swiss"]
[EventRounds "8"]
[EventCountry "COL"]
[SourceTitle "CBM 181 Extra"]
[Source "ChessBase"]
[SourceDate "2017.12.12"]
[SourceVersion "1"]
[SourceVersionDate "2017.12.12"]
[SourceQuality "1"]

1. d4 Nf6 2. c4 e5 3. dxe5 Ng4 4. e4 h5 5. f3 Bb4+ 6. Nc3 Nxe5 7. Qc2 Nbc6 8. Be3 d6 9. Rd1 Qe7 10. a3 Bxc3+ 11. Qxc3 Bd7 12. Ne2 g5 13. b4 Rg8 14. c5 Rc8 15. Nd4 a6 16. Be2 h4 17. Rf1 Ng6 18. Nxc6 Bxc6 19. g3 hxg3 20. hxg3 Rd8 21. cxd6 cxd6 22. Rd4 Qe5 23. Rg1 Rh8 24. Rd3 Qxc3+ 25. Rxc3 f6 26. Bxa6 Ne5 27. Be2 d5 28. Bb6 d4 29. Bxd8 Kxd8 30. Rc5 d3 31. Rxe5 dxe2 32. Rc5 Rh2 33. b5 g4 34. bxc6 gxf3 35. Rf5 1-0

[Event "COL-ch Amateur U2000"]
[Site "Bogota"]
[Date "2017.03.04"]
[Round "4"]
[White "Guzman, Campo Elias"]
[Black "Osorio Polania, Hugo"]
[Result "0-1"]
[WhiteElo "1993"]
[BlackElo "1798"]
[PlyCount "74"]
[EventDate "2017.03.02"]
[EventType "swiss"]
[EventRounds "7"]
[EventCountry "COL"]
[SourceTitle "CBM 177 Extra"]
[Source "ChessBase"]
[SourceDate "2017.04.27"]
[SourceVersion "1"]
[SourceVersionDate "2017.04.27"]
[SourceQuality "1"]

1. d4 Nf6 2. Bg5 d5 3. Bxf6 exf6 4. e3 Be6 5. c3 Bd6 6. Bd3 f5 7. Nd2 0-0 8. Qc2 g6 9. h4 h5 10. Ne2 Kg7 11. Nf3 c6 12. Nf4 Bd7 13. Rh3 Bxf4 14. exf4 Re8+ 15. Kf1 Qc7 16. Ne5 f6 17. Rg3 fxe5 18. fxe5 Rf8 19. Qe2 Kf7 20. Qe3 Rg8 21. e6+ Bxe6 22. Re1 Qd6 23. Qg5 Nd7 24. Rge3 Rae8 25. g4 hxg4 26. h5 Nf6 27. hxg6+ Rxg6 28. Qh4 Ne4 29. Ke2 Reg8 30. Kd1 Ke8 31. Kc1 Kd7 32. c4 Kc8 33. c5 Qc7 34. b4 Qg7 35. Bxe4 dxe4 36. Rd1 Rd8 37. Re2 Qh6+ 0-1

[Event "Bogota September op"]
[Site "Bogota"]
[Date "2015.09.20"]
[Round "5"]
[White "Rodriguez Venegas, Jaime"]
[Black "Guzman, Campo Elias"]
[Result "0-1"]
[WhiteElo "1687"]
[BlackElo "1999"]
[PlyCount "36"]
[EventDate "2015.09.18"]
[EventType "swiss"]
[EventRounds "6"]
[EventCountry "COL"]
[SourceTitle "EXT 2016"]
[Source "ChessBase"]
[SourceDate "2015.10.08"]
[SourceVersion "1"]
[SourceVersionDate "2015.10.08"]
[SourceQuality "1"]

1. e4 g6 2. d4 Bg7 3. Bc4 c6 4. Bb3 d6 5. Nf3 Nf6 6. Nc3 Qa5 7. a3 Nxe4 8. Bd2 Nxd2 9. Qxd2 0-0 10. 0-0 Nd7 11. Rfe1 e5 12. dxe5 dxe5 13. Rad1 Nc5 14. Bc4 Be6 15. Bxe6 Nxe6 16. Qe3 Nd4 17. Qd3 Rad8 18. Nxd4 exd4 0-1

[Event "Ortega op 5th"]
[Site "Ortega"]
[Date "2015.06.14"]
[Round "5"]
[White "Guzman, Campo Elias"]
[Black "Narvaez Ramirez, Faber Alberto"]
[Result "0-1"]
[WhiteElo "2015"]
[BlackElo "2099"]
[PlyCount "113"]
[EventDate "2015.06.12"]
[EventType "swiss"]
[EventRounds "7"]
[EventCountry "COL"]
[SourceTitle "CBM 167 Extra"]
[Source "ChessBase"]
[SourceDate "2015.09.14"]
[SourceVersion "1"]
[SourceVersionDate "2015.09.14"]
[SourceQuality "1"]

1. d4 e6 2. Nf3 Be7 3. c4 c5 4. Nc3 cxd4 5. Nxd4 a6 6. e4 d6 7. Be3 Nf6 8. Be2 0-0 9. 0-0 Qc7 10. Rc1 Nbd7 11. f4 b6 12. Bf3 Bb7 13. Qe2 Rac8 14. b4 Rfe8 15. g4 Nf8 16. g5 N6d7 17. Nd1 Qb8 18. Qg2 b5 19. Nb2 Qa8 20. a3 Ng6 21. Qg3 Bxe4 22. cxb5 axb5 23. Nxb5 Rxc1 24. Bxc1 Rc8 25. Bxe4 Qxe4 26. Qd3 Qb7 27. Be3 Nh4 28. Rf2 Nf5 29. Bd2 Nb6 30. Nc3 d5 31. Ne2 Nc4 32. Bc1 Bd8 33. Na4 Qa7 34. Nc5 Bb6 35. Ng3 Nxg3 36. hxg3 Rxc5 37. bxc5 Bxc5 38. Qc2 Bxf2+ 39. Qxf2 Qxf2+ 40. Kxf2 Kf8 41. Ke2 Ke7 42. Kd3 Kd6 43. Kd4 f6 44. gxf6 gxf6 45. g4 e5+ 46. Kc3 Kc5 47. f5 e4 48. Bh6 d4+ 49. Kb3 Ne5 50. g5 fxg5 51. Bxg5 e3 52. a4 e2 53. Bd2 h5 54. Be1 Kd5 55. a5 Kc6 56. Kc2 Nf3 57. Kd3 0-1

[Event "Bogota Distrital-ch 77th"]
[Site "Bogota"]
[Date "2015.05.03"]
[Round "7"]
[White "Guzman, Campo Elias"]
[Black "Gaitan Bautista, Oscar"]
[Result "1-0"]
[WhiteElo "2018"]
[BlackElo "1798"]
[PlyCount "67"]
[EventDate "2015.04.30"]
[EventType "swiss"]
[EventRounds "7"]
[EventCountry "COL"]
[SourceTitle "CBM 166 Extra"]
[Source "ChessBase"]
[SourceDate "2015.06.18"]
[SourceVersion "1"]
[SourceVersionDate "2015.06.18"]
[SourceQuality "1"]

1. d4 Nf6 2. Bg5 d5 3. Nf3 e6 4. e3 Nbd7 5. c4 c6 6. Nc3 Be7 7. Bd3 0-0 8. 0-0 b6 9. Rc1 Bb7 10. cxd5 Nxd5 11. Bxe7 Qxe7 12. Nxd5 exd5 13. Qa4 c5 14. Bb5 Rfd8 15. Qa3 Rdc8 16. Bxd7 Qxd7 17. dxc5 Qc7 18. b4 a5 19. cxb6 Qxb6 20. bxa5 Qxa5 21. Rxc8+ Bxc8 22. Qxa5 Rxa5 23. Rc1 Be6 24. Rc2 g6 25. Nd4 Kg7 26. h4 Kf6 27. f4 Ra3 28. Kf2 Bf5 29. Rc6+ Be6 30. g4 Rxa2+ 31. Kf3 h5 32. gxh5 Kg7 33. hxg6 Kxg6 34. f5+ 1-0

[Event "Bogota Distrital-ch 77th"]
[Site "Bogota"]
[Date "2015.05.01"]
[Round "2"]
[White "Dominguez Rincon, Miller Duvan"]
[Black "Guzman, Campo Elias"]
[Result "0-1"]
[WhiteElo "2105"]
[BlackElo "2018"]
[PlyCount "103"]
[EventDate "2015.04.30"]
[EventType "swiss"]
[EventRounds "7"]
[EventCountry "COL"]
[SourceTitle "CBM 166 Extra"]
[Source "ChessBase"]
[SourceDate "2015.06.18"]
[SourceVersion "1"]
[SourceVersionDate "2015.06.18"]
[SourceQuality "1"]

1. e4 c5 2. Nf3 Nc6 3. d4 cxd4 4. Nxd4 Qb6 5. Nb3 Nf6 6. Nc3 e6 7. Be3 Qc7 8. Qd2 Bb4 9. f3 d5 10. a3 Bxc3 11. Qxc3 dxe4 12. fxe4 0-0 13. Bd3 Ng4 14. Bc5 Rd8 15. 0-0-0 b6 16. h3 Nge5 17. Bd4 Bb7 18. Bb5 Rac8 19. Bxc6 Nxc6 20. Bxg7 Qf4+ 21. Kb1 e5 22. Rdf1 Qxe4 23. Bf6 Rd6 24. Rf3 Ne7 25. Rg3+ Ng6 26. Qxe5 Rxc2 27. Ka1 Qxe5 28. Bxe5 Re6 29. Bc3 Rxg2 30. Rg1 Rxg1+ 31. Rxg1 Re3 32. Rd1 h5 33. Rd8+ Kh7 34. Nd4 Ba6 35. Rd7 Bc4 36. Rxa7 Rxh3 37. Kb1 h4 38. Rc7 Bd5 39. Rd7 Rh1+ 40. Kc2 Be4+ 41. Kd2 Ne5 42. Re7 Nc4+ 43. Ke2 Bg6 44. Nf3 Kh6 45. Kf2 Kh5 46. b3 Nd6 47. Re5+ f5 48. Bb2 h3 49. Re6 Ne4+ 50. Ke2 h2 51. Nxh2 Rxh2+ 52. Ke3 0-1

[Event "Mosquera op"]
[Site "Mosquera"]
[Date "2014.11.03"]
[Round "8"]
[White "Guzman, Campo Elias"]
[Black "Quinonez Garcia, Santiago"]
[Result "1-0"]
[WhiteElo "2052"]
[BlackElo "1926"]
[PlyCount "103"]
[EventDate "2014.10.30"]
[EventType "swiss"]
[EventRounds "9"]
[EventCountry "COL"]
[SourceTitle "EXT 2015"]
[Source "ChessBase"]
[SourceDate "2014.11.20"]
[SourceVersion "1"]
[SourceVersionDate "2014.11.20"]
[SourceQuality "1"]

1. d4 Nf6 2. Bg5 Ne4 3. Bf4 d5 4. Nd2 Nf6 5. e3 g6 6. Bd3 Bg7 7. h3 0-0 8. Ngf3 c5 9. c3 Nc6 10. 0-0 Nd7 11. Re1 e5 12. dxe5 Ndxe5 13. Nxe5 Nxe5 14. Bxe5 Bxe5 15. Nf3 Bg7 16. Bc2 b6 17. Ba4 Bb7 18. Qe2 Qf6 19. Rad1 Rad8 20. Rd2 Rd6 21. Red1 Rfd8 22. Bb3 h6 23. Nh2 h5 24. Nf1 Bc6 25. a4 Qe7 26. Ng3 Be5 27. Nf1 Qd7 28. Ra1 Qb7 29. Rad1 Bg7 30. Ng3 R6d7 31. f3 Bh6 32. Nf1 Re8 33. Qf2 c4 34. Bc2 Rde7 35. Re2 Qd7 36. e4 Qb7 37. f4 dxe4 38. f5 Qc7 39. Rd4 Ba8 40. Ne3 Rd7 41. fxg6 fxg6 42. Qf6 Rxd4 43. Qxg6+ Qg7 44. Qxe8+ Kh7 45. Nf5 Qd7 46. Qxa8 Rd1+ 47. Bxd1 Qxd1+ 48. Kf2 e3+ 49. Nxe3 Bxe3+ 50. Rxe3 Qc2+ 51. Re2 Qf5+ 52. Qf3 1-0

[Event "Mosquera op"]
[Site "Mosquera"]
[Date "2014.11.03"]
[Round "9"]
[White "Torres Cueto, Jesus Marcial"]
[Black "Guzman, Campo Elias"]
[Result "1/2-1/2"]
[WhiteElo "1841"]
[BlackElo "2052"]
[PlyCount "26"]
[EventDate "2014.10.30"]
[EventType "swiss"]
[EventRounds "9"]
[EventCountry "COL"]
[SourceTitle "EXT 2015"]
[Source "ChessBase"]
[SourceDate "2014.11.20"]
[SourceVersion "1"]
[SourceVersionDate "2014.11.20"]
[SourceQuality "1"]

1. e4 c5 2. Nc3 Nc6 3. g3 g6 4. Bg2 Bg7 5. d3 e6 6. Be3 d6 7. Qd2 h6 8. Nf3 Nge7 9. Rb1 Nd4 10. Nd1 Bd7 11. c3 Nxf3+ 12. Bxf3 Bc6 13. b4 b6 1/2-1/2

[Event "Mosquera op"]
[Site "Mosquera"]
[Date "2014.10.30"]
[Round "1"]
[White "Rodriguez Rueda, Paula Andrea"]
[Black "Guzman, Campo Elias"]
[Result "1-0"]
[WhiteElo "2335"]
[BlackElo "2052"]
[PlyCount "71"]
[EventDate "2014.10.30"]
[EventType "swiss"]
[EventRounds "9"]
[EventCountry "COL"]
[SourceTitle "EXT 2015"]
[Source "ChessBase"]
[SourceDate "2014.11.20"]
[SourceVersion "1"]
[SourceVersionDate "2014.11.20"]
[SourceQuality "1"]

1. d4 Nf6 2. c4 c5 3. d5 b5 4. cxb5 a6 5. Qc2 axb5 6. Qxc5 e6 7. Qxb5 Nxd5 8. Qb3 Ba6 9. Nf3 Nc6 10. g3 Bb4+ 11. Nbd2 f5 12. Bg2 g5 13. a3 Ba5 14. h3 g4 15. hxg4 fxg4 16. Ng1 Nd4 17. Qa4 Qf6 18. Bxd5 Bb5 19. Qd1 exd5 20. b4 Bb6 21. Bb2 Ba4 22. Nb3 Nc2+ 23. Qxc2 Qxf2+ 24. Kd1 Qxg3 25. Nf3 gxf3 26. Bxh8 Bxb3 27. Qxb3 fxe2+ 28. Kc2 Rc8+ 29. Kb2 Qf2 30. Rae1 Bd4+ 31. Bxd4 Qxd4+ 32. Kb1 Qe4+ 33. Ka1 Rc2 34. b5 Rd2 35. Qc3 Rd4 36. Rxe2 1-0

[Event "Bogota-ch sf"]
[Site "Bogota"]
[Date "2014.03.23"]
[Round "5"]
[White "Guzman, Campo Elias"]
[Black "Jimenez, Leonardo Andres"]
[Result "1/2-1/2"]
[WhiteElo "2060"]
[BlackElo "1855"]
[PlyCount "60"]
[EventDate "2014.03.21"]
[EventType "swiss"]
[EventRounds "7"]
[EventCountry "COL"]
[SourceTitle "CBM 159 Extra"]
[Source "ChessBase"]
[SourceDate "2014.04.24"]
[SourceVersion "1"]
[SourceVersionDate "2014.04.24"]
[SourceQuality "1"]

1. d4 Nf6 2. Bg5 g6 3. Bxf6 exf6 4. c4 Bg7 5. Nc3 0-0 6. g3 d6 7. Bg2 Nd7 8. e3 f5 9. Nge2 Nf6 10. 0-0 c6 11. Nf4 Re8 12. a4 a5 13. Qb3 Ne4 14. Rad1 Qc7 15. h4 Bd7 16. Rfe1 Rad8 17. Re2 Qb8 18. Qb6 Qa8 19. Na2 Rc8 20. c5 d5 21. Nc1 Bf6 22. Qb3 Qa6 23. Rc2 Bg7 24. Qa3 Ra8 25. Rd3 Bf8 26. Qa2 Rab8 27. Bf1 Qa7 28. Rb3 Be7 29. Ncd3 Bf6 30. Bg2 Bg7 1/2-1/2